| 000 | 01021naa a22003137a 4500 | ||
|---|---|---|---|
| 001 | BR8302778 | ||
| 003 | BR-BrBNA | ||
| 005 | 20240918175300.0 | ||
| 007 | ta | ||
| 008 | 230509b bl.||||| |||| 00| 0 por d | ||
| 040 |
_aBR-BrBNA _bpor _cBiblioteca Nacional de Agricultura |
||
| 041 | _a(Pt) | ||
| 072 |
_aF00; F27 _b1410 _b0120 |
||
| 090 | _aF00 BR8302778 | ||
| 100 | 1 | _aLima, G.R. de A. | |
| 100 | 1 | _aMafra, R.C. | |
| 100 | 1 | _aJoao, A.R. | |
| 100 | 1 | _aSantos, R.C. dos | |
| 245 | 1 | _aSistema de producao na cultura do feijoeiro em consorcio [milho, fava] | |
| 260 | 3 |
_aRecife, PE (Brasil): _c1983. |
|
| 500 | _aPrograma feijao. Relatorio anual de pesquisa - 1982 Recife, PE (Brasil): 1983. p. 54-61 (BR8302778-AM)F00 | ||
| 650 | _aCONSORCIACAO DE CULTURA | ||
| 650 | _aFEIJAO | ||
| 650 | _aMILHO | ||
| 650 | _aFAVA | ||
| 773 | 0 |
_tPrograma feijao. Relatorio anual de pesquisa - 1982 _wF00 BR8302778 _gRecife, PE (Brasil), 1983. p. 54-61 |
|
| 909 |
_a202404 _bLucia _c55 _dLucia Elande |
||
| 942 |
_cAM _2AGRIS |
||
| 999 |
_c315998 _d315998 |
||